Statistiques concernant Records de l'équipe de France de football (10 premiers).

Cliquez ici pour prendre le quiz!

Statistiques générales

  • Ce quiz a été pris 4 789 fois
    (3 488 depuis la dernière actualisation)
  • Le résultat moyen est 16 sur 34

Statistiques - réponses

Joueurs% Correct
4Antoine Griezmann
98%
2Hugo Lloris
98%
3Olivier Giroud
98%
3Kylian Mbappé
97%
3Didier Deschamps
95%
4Thierry Henry
94%
5Zinédine Zidane
93%
4Karim Benzema
83%
1Lilian Thuram
83%
5Michel Platini
82%
2Laurent Blanc
80%
1Just Fontaine
63%
1David Trezeguet
61%
2Marcel Desailly
58%
1Bixente Lizarazu
52%
2Patrick Vieira
50%
2Jean-Pierre Papin
49%
1Raymond Domenech
48%
1Aimé Jacquet
44%
2Franck Ribéry
43%
2Jean Djorkaeff
33%
3Youri Djorkaeff
33%
2Raymond Kopa
31%
1Sylvain Wiltord
16%
1Marius Trésor
12%
1Michel Hidalgo
10%
1Jacques Santini
9%
1Roger Lemerre
8%
1Henri Michel
6%
1Manuel Amoros
4%
1Georges Boulogne
1%
1Roger Marche
1%
1Jean Baratte
0%
1Jean-François Larios
0%

Distribution des résultats

Percentile par nombre de réponses

% des personnes avec chaque résultat

Votre développement - résultats

Vous n’avez pas pris ce quiz depuis la dernière actualisation